000 nam a22 7a 4500
999 _c9573
_d9573
008 180205b ||||| |||| 00| 0 eng d
100 _aTayal, B B
_95724
245 _aSecondary social science for us - IX
260 _aNew Delhi
_bArya Publication
_c2007